[Event "39th IND-chT 2019"]
[Site "Kolkata"]
[Date "2019.02.08"]
[Round "4.9"]
[White "Sai, Krishna S."]
[Black "Karthikeyan, P.."]
[Result "0-1"]
[WhiteElo "1854"]
[BlackElo "2451"]
[Annotator "TA"]
[PlyCount "82"]
[EventDate "2019.??.??"]
[EventCountry "IND"]
[SourceTitle "playchess.com"]
[Source "ChessBase"]
[SourceQuality "1"]

{[%evp 11,82,0,1,-8,30,12,16,9,16,8,25,0,0,0,0,-39,0,0,18,7,17,3,8,0,0,-19,0,-36,0,-29,-27,-20,56,-45,31,-15,-10,-14,0,20,0,5,0,-25,28,39,17,14,64,68,375,367,359,284,270,263,247,0,0,-109,-94,-325,-326,-463,-439,-941,-560,-553,-522,-491,-443,-4858,-4850]} 1. d4 Nf6 2. Nf3 e6 3. e3 b6 4. Bd3 Bb7 5. Nbd2 c5 6. c3 Be7 7. Qe2 {A47: 1 d4 Nf6 2 Nf3 b6: Torre, London and Colle Systems} (7. O-O O-O 8. dxc5 bxc5 9. e4 d5 10. e5 Nfd7 11. Re1 Nc6 12. Nf1 a5 13. Bc2 Ba6 14. h4 Bxh4 15. N1h2 Be7 {½-½ (36) Carmaciu,L (2374)-Nevednichy,V (2529) Sovata 2018}) 7... cxd4 8. exd4 Nd5 9. Ne4 $146 {The position is equal.} ({Predecessor:} 9. g3 d6 10. O-O Nd7 11. a3 O-O 12. Re1 Re8 13. Qf1 Nf8 14. Bb5 Nd7 {½-½ (66) Zrilic,B (2079)-Fucak,E (2296) Rijeka 2007}) 9... f5 10. Ng3 Qc7 {White should prevent ...Nxc3!} 11. Ne5 O-O 12. O-O Nc6 {[%cal Bb8c6,Bc6d8,Bd8f7][%mdl 32]} 13. f4 Nd8 14. Bd2 Nf7 15. Rac1 Nf6 16. c4 a5 17. Kh1 Rae8 18. Rfe1 g6 19. a3 Bd8 20. Qf1 d6 21. Nf3 h5 (21... e5 $11 22. fxe5 dxe5 23. dxe5 Nxe5 24. Nxe5 Rxe5) 22. h3 (22. d5 $14) 22... h4 (22... e5 $1 $15 23. dxe5 dxe5 24. fxe5 Nxe5 25. Rxe5 Rxe5 26. Nxe5 Qxe5 {[%mdl 64] Double Attack}) 23. Ne2 Ne4 24. Be3 g5 25. fxg5 Nfxg5 26. Nxg5 ({Not} 26. Nxh4 $2 {[#]} f4 $1 $19 {[%mdl 512]}) 26... Nxg5 27. Nf4 Qg7 ({Black should try} 27... e5 28. dxe5 dxe5) 28. c5 $36 {[%mdl 2048] White fights for an advantage.} bxc5 29. dxc5 {c6 is the strong threat.} dxc5 30. Bxc5 Rf7 $2 {[%mdl 8192]} (30... Be7 $14) 31. Bb5 $18 Rd7 32. Rcd1 Rxd1 33. Rxd1 Ne4 {Threatens to win with ...Ng3+.} 34. Bf2 $2 (34. Bxe8 $18 Ng3+ {[%mdl 64] Double Attack} 35. Kg1 Nxf1 36. Rxd8) 34... Bg5 35. Nh5 (35. Bxe8 $11 {keeps the balance.} Bxf4 36. Rd7 Ng3+ {[%mdl 64] Double Attack} 37. Kg1 (37. Bxg3 {is a self mate.} Qxg3 38. Bf7+ Kf8 39. Rd8+ Kxf7 40. Rd7+ Kf6 41. Rf7+ Kxf7 42. Kg1 Be3+ 43. Kh1 Qxh3#) 37... Ne2+ 38. Kh1 Ng3+ {[%mdl 64] Double Attack} 39. Kg1 (39. Bxg3 {leads to mate.} Qxg3 40. Bf7+ Kf8 41. Rd8+ Kxf7 42. Rd7+ Kf6 43. Rf7+ Kxf7 44. Kg1 Be3+ 45. Kh1 Qxh3#) 39... Ne2+ 40. Kh1 Ng3+ {[%mdl 64] Double Attack}) 35... Qf7 36. Bxe8 $2 (36. Rd7 $17 {keeps fighting.} Re7 37. Rxe7 Qxe7 38. Bb6) 36... Qxe8 $19 {[%mdl 64] Trapped Piece} 37. Be1 (37. Nf4 $142 Bxf4 38. Bxh4) 37... Qxh5 {Black is clearly winning.} 38. Qd3 (38. Rd7 $142 Bc6 39. Rc7) 38... Bd5 39. b4 axb4 40. axb4 {[#]} Ng3+ $1 41. Bxg3 (41. Kh2 $142) 41... hxg3 {Accuracy: White = 31%, Black = 37%.} 0-1

[Event "39th IND-chT 2019"]
[Site "Kolkata"]
[Date "2019.02.08"]
[Round "4.10"]
[White "Swapnil, S. Dhopade"]
[Black "Bharat Kumar Reddy Poluri"]
[Result "1-0"]
[WhiteElo "2488"]
[BlackElo "2252"]
[Annotator "TA"]
[PlyCount "97"]
[EventDate "2019.??.??"]
[EventCountry "IND"]
[SourceTitle "playchess.com"]
[Source "ChessBase"]
[SourceQuality "1"]

{[%evp 19,97,14,11,0,16,0,0,0,0,-4,0,0,0,-20,112,104,128,131,208,83,79,69,76,57,87,93,125,114,131,0,92,89,86,87,83,67,105,89,185,156,168,178,164,179,180,143,370,348,372,352,411,362,414,418,518,517,500,455,434,468,509,519,531,502,701,680,639,587,562,0,617,569,710,703,1250,723,770,707,777,720]} 1. Nf3 e6 2. g3 Nf6 3. Bg2 Be7 4. O-O O-O 5. c4 d5 6. b3 b6 7. Bb2 Bb7 8. e3 Nbd7 9. Nc3 c5 10. Qe2 Rc8 11. Rac1 {A14: English Opening: 1...e6 with b3 by White} Qc7 12. cxd5 (12. Rfd1 Qb8 13. h3 Rfd8 14. d3 Bf8 15. g4 h6 16. cxd5 Nxd5 17. Ne4 Nb4 18. a3 Nc6 19. g5 h5 20. g6 fxg6 {0-1 (59) Iturrizaga Bonelli,E (2652)-Gharamian,T (2624) Lisbon 2017}) 12... Nxd5 13. Nxd5 {The position is equal.} Bxd5 14. e4 Bb7 15. d4 Qb8 {[#]} 16. Ne5 $146 ({Predecessor:} 16. Rfd1 cxd4 17. Nxd4 Rxc1 18. Rxc1 Rc8 {½-½ (57) Arun Prasad,S (2521)-Sachdev,T (2409) Pune 2013}) 16... Nf6 {[#]} (16... Nxe5 $11 17. dxe5 c4) 17. d5 $1 $16 {[%cal Rd5e6] Threatens to win with dxe6.} Bd6 18. Nc4 exd5 {[#]} (18... Rce8 $16 {was necessary.}) 19. exd5 (19. Bxf6 $1 $18 {is the precise move to win.} dxc4 20. e5 (20. Qg4 g6 $18)) 19... Rce8 20. Qd3 Qd8 21. Rfe1 Bb8 22. Red1 Bd6 23. Qf3 Bb8 24. Qd3 (24. Bxf6 $16 Qxf6 25. Qxf6 gxf6 26. d6 Bxg2 27. Kxg2) 24... Nd7 (24... Bd6 $1 $11) 25. d6 Bxg2 26. Kxg2 Re6 27. a4 a6 28. Ne3 $40 {[%mdl 128] Strongly threatening Nf5. White has strong attack.} Rxd6 (28... g6 $16 {might work better.}) 29. Qxa6 $18 Qc7 30. Rxd6 Qxd6 31. Qb7 {Rd1 is the strong threat.} Qe6 32. Nc4 h6 $2 (32... Re8 $16 {was called for.} 33. Bc3 f6) 33. Rd1 Nf6 34. Bxf6 Qxf6 35. Qxb6 Qe7 36. Qc6 Re8 37. Rd7 Qg5 38. Rd5 Qe7 39. Rxc5 Rd8 40. Rb5 Qe1 41. Qf3 g6 42. Rb7 Qe6 43. Rb6 Qe1 44. Rb7 Qe6 45. h4 {White is clearly winning.} Kg7 46. a5 {[%cal Ba4a5,Ba5a6][%mdl 32]} Bd6 47. a6 Bc5 48. a7 Ra8 49. Rc7 {Accuracy: White = 58%, Black = 27%.} 1-0

[Event "39th IND-chT 2019"]
[Site "Kolkata"]
[Date "2019.02.09"]
[Round "5.1"]
[White "Swapnil, S. Dhopade"]
[Black "Vignesh N R"]
[Result "1/2-1/2"]
[WhiteElo "2488"]
[BlackElo "2473"]
[Annotator "TA"]
[PlyCount "74"]
[EventDate "2019.??.??"]
[EventCountry "IND"]
[SourceTitle "playchess.com"]
[Source "ChessBase"]
[SourceQuality "1"]

{[%evp 21,74,16,22,8,37,-3,-27,-12,15,13,21,22,26,0,17,0,0,0,0,0,39,45,30,40,52,22,23,27,26,0,37,8,163,120,233,57,39,0,0,0,0,0,0,0,2,0,0,0,0,0,0,0,0,0,0]} 1. Nf3 d5 2. g3 Nf6 3. Bg2 c6 4. O-O Bg4 5. h3 Bxf3 6. Bxf3 e5 7. d3 Bc5 8. Nd2 O-O 9. e4 dxe4 10. dxe4 a5 11. a4 Nbd7 12. Nc4 {A07: Réti Opening: New York and Capablanca Systems} (12. Qe2 Qe7 13. Rd1 Rfd8 14. Nc4 b6 15. Kg2 h6 16. Rd3 Qe6 17. b3 Bd4 18. c3 Bc5 19. Qd1 Be7 {1-0 (51) Ding,L (2759)-Yu,Y (2750) Shenzhen 2017}) 12... b5 $146 ({Predecessor:} 12... Qc7 13. Bd2 Rfe8 14. Qe1 b6 15. Qe2 Nf8 16. Bg5 N6d7 17. Bg4 h6 18. Bd2 Nf6 19. Rfd1 Rad8 {0-1 (74) Sepp,O (2439)-Goganov,A (2597) Finland 2018}) 13. axb5 cxb5 14. Ne3 {Black has an edge.} Bxe3 15. Bxe3 Qc7 16. Qe2 Qc6 17. c3 Nc5 18. Bg5 Ncd7 19. Bg2 h6 20. Be3 Nc5 21. f4 a4 22. fxe5 Nfd7 $1 23. e6 Qxe6 24. Qxb5 Rab8 25. Qe2 Rfe8 26. Bd4 f5 $2 (26... Qg6 $11 {and Black stays safe.}) 27. e5 Ne4 {[#]} (27... Nb3 $16 {keeps fighting.}) 28. Bxe4 $2 (28. g4 $1 $18 {[%cal Rg4f5]} Ng3 {[%mdl 64] Double Attack} 29. Qf2 Nxf1 30. gxf5) 28... fxe4 $14 29. g4 (29. Qxe4 {looks sharper.} Rxb2 30. g4 Nxe5 31. Rae1 Rb5 32. Kg2) 29... Nxe5 {Threatens to win with ...Nf3+.The position is equal.} 30. Qxe4 {And now Rae1 would win.} Nc6 $36 {[%mdl 2048] White is under pressure.} 31. Qxe6+ Rxe6 32. Rxa4 {Black should prevent Rf2.} Rxb2 33. Rf2 Rb3 34. Rc2 Nxd4 35. Rxd4 Re3 36. Kg2 Rbxc3 37. Rxc3 Rxc3 {Accuracy: White = 45%, Black = 45%.} 1/2-1/2

[Event "39th IND-chT 2019"]
[Site "Kolkata"]
[Date "2019.02.09"]
[Round "5.2"]
[White "Visakh N R"]
[Black "Thejkumar, M. S."]
[Result "1/2-1/2"]
[WhiteElo "2505"]
[BlackElo "2470"]
[Annotator "TA"]
[PlyCount "92"]
[EventDate "2019.??.??"]
[EventCountry "IND"]
[SourceTitle "playchess.com"]
[Source "ChessBase"]
[SourceQuality "1"]

{[%evp 9,92,40,58,67,67,62,65,70,65,62,89,99,83,73,72,43,43,53,36,50,72,47,93,97,95,94,94,91,104,97,104,98,97,43,36,0,38,-20,53,26,27,61,43,0,43,0,20,31,34,34,38,45,49,50,43,44,48,53,78,67,58,0,0,0,0,0,0,0,0,0,0,0,0,0,0,0,0,0,0,0,0,8,29976,29977,29978]} 1. e4 c6 2. Nc3 d5 3. d4 a6 4. Nf3 Bg4 5. h3 Bh5 6. g4 {B15: Caro-Kann: 3 Nc3: 3...g6 and 3...dxe4 4 Nxe4 Nf6 5 Nxf6+ exf6} Bg6 7. exd5 cxd5 8. Ne5 {White is slightly better.} (8. h4 f6 9. h5 Bf7 10. g5 Nc6 11. Bf4 e6 {0-1 (43) Popov,I (2592)-Pantsulaia,L (2597) St Petersburg 2018}) 8... e6 9. h4 $1 f6 10. Nxg6 hxg6 11. Qd3 Kf7 12. Ne2 $146 ({Predecessor:} 12. h5 gxh5 13. gxh5 Ne7 14. Bd2 Nbc6 15. O-O-O Nf5 {½-½ (15) Rade,M (2440)-Doric,D (2495) Bol 2013}) 12... Bd6 13. Nf4 Ne7 14. h5 Bxf4 15. Bxf4 Nbc6 {[#]} 16. O-O-O $1 Rc8 {White should prevent ...gxh5.} 17. Kb1 gxh5 18. gxh5 Nf5 19. c3 b5 20. Be2 b4 21. Qxa6 (21. cxb4 $16 Nxb4 22. Qb3) 21... bxc3 $14 22. bxc3 Nce7 23. Rc1 (23. Qa3 $14) 23... Rc6 ({Better is} 23... Ra8 $1 $11 24. Qd3 (24. Qb5 Nd6 $11) 24... Qb6+ 25. Qb5 Qa7) 24. Qd3 Nd6 25. Bxd6 Qxd6 26. Ka1 Qa3 27. c4 (27. Rhg1 {is more complex.} Rb6 28. Qc2 Rc6 29. Bd3 Rb8 30. Qd2) 27... Qxd3 (27... Qa4 {is interesting.} 28. cxd5 Nxd5 29. Rxc6 Qxc6 30. Bf3 f5) 28. Bxd3 dxc4 29. Rxc4 {Threatens to win with Bg6+!} Rd8 30. Rd1 Rcd6 31. a4 Nc6 32. Be4 Nxd4 {Strongly threatening ...f5.} 33. Ka2 f5 {[#]} 34. Bb7 $1 Rb6 35. Rcxd4 ({White should play} 35. Rb1 $14 Rxb1 36. Kxb1) 35... Rxd4 $11 36. Rxd4 Rxb7 $14 {[%mdl 4096] Endgame KR-KR} 37. a5 Ra7 38. Ra4 e5 39. Kb3 Kf6 40. Kc4 {a6 is the strong threat.} Kg5 41. Kc5 {Black must now prevent a6.} e4 42. Kb6 Ra8 43. Kb7 Re8 44. a6 Kxh5 45. a7 Re7+ $2 {[%mdl 8192]} (45... Kg4 $11) 46. Kc6 Rxa7 {[%mdl 32768] Accuracy: White = 69%, Black = 69%. . An unexpected result.} 1/2-1/2

[Event "39th IND-chT 2019"]
[Site "Kolkata"]
[Date "2019.02.09"]
[Round "5.3"]
[White "Puranik, Abhimanyu"]
[Black "Krishna C R G"]
[Result "1/2-1/2"]
[WhiteElo "2538"]
[BlackElo "2476"]
[Annotator "TA"]
[PlyCount "31"]
[EventDate "2019.??.??"]
[EventCountry "IND"]
[SourceTitle "playchess.com"]
[Source "ChessBase"]
[SourceQuality "1"]

{[%evp 9,31,2,15,17,24,0,-23,-68,-31,-40,0,0,0,0,0,0,0,0,0,0,0,0,0,0]} 1. Nf3 f5 2. d3 d6 3. e4 e5 4. Nc3 Nc6 (4... Be7 5. d4 fxe4 6. Nxe4 d5 7. Neg5 exd4 8. Bd3 Qd6 9. Nxd4 c5 10. Nb5 Qe5+ 11. Be3 Na6 12. O-O {1-0 (36) Svidler,P (2751)-Bu,X (2710) Tbilisi 2017}) 5. exf5 Nge7 6. g4 $146 {next Bg2 is good for White. A04: Unusual lines after 1 Nf3 and King's Indian Attack} ({Predecessor:} 6. Nh4 Nxf5 7. Qh5+ g6 8. Nxg6 Ng7 9. Qh6 Nf5 10. Qh5 Ng7 11. Qh6 {½-½ (11) Khalifman,A (2613)-Safarli,E (2641) Nakhchivan 2015}) 6... h5 7. f6 gxf6 8. Ne4 {Black has an edge.} Bg7 ({Don't play} 8... hxg4 $6 9. Nxf6+ Kf7 10. Nxg4 $16) 9. gxh5 d5 10. h6 $1 {[%cal Rh6g7] The position is equal.} Bxh6 11. Nxf6+ Kf7 12. Bxh6 $1 Rxh6 13. Ng4 Bxg4 14. Ng5+ {[%mdl 64] [#] Discovered Attack} Kf6 $1 15. Qxg4 {Strongly threatening Rg1.} Qc8 $1 {[%cal Rc8g4]} 16. Qxc8 1/2-1/2

[Event "39th IND-chT 2019"]
[Site "Kolkata"]
[Date "2019.02.09"]
[Round "5.4"]
[White "Deepan Chakkravarthy J."]
[Black "Shyam, Sundar M."]
[Result "1/2-1/2"]
[WhiteElo "2532"]
[BlackElo "2512"]
[Annotator "TA"]
[PlyCount "89"]
[EventDate "2019.??.??"]
[EventCountry "IND"]
[SourceTitle "playchess.com"]
[Source "ChessBase"]
[SourceQuality "1"]

{[%evp 14,89,22,24,29,26,28,1,28,7,26,16,14,31,19,27,26,21,35,0,0,0,20,-2,0,12,0,1,17,12,22,0,8,-8,25,28,49,33,44,37,32,0,0,0,0,0,0,0,0,-4,-7,-114,-4,-293,-306,-489,-486,-431,-226,-541,-509,-1458,-358,-358,-358,-358,-358,-358,-358,-319,-135,-96,0,0,0,0,0,0]} 1. e4 e5 2. Nf3 Nc6 3. Bb5 g6 4. O-O Bg7 5. c3 a6 6. Ba4 Nge7 7. d4 b5 8. Bb3 exd4 $1 {C60: Ruy Lopez: Unusual Black 3rd moves and 3...g6} 9. cxd4 O-O 10. a4 (10. Nc3 d6 11. h3 Na5 12. Bc2 c5 13. dxc5 dxc5 14. Qxd8 Rxd8 {0-1 (65) Vachier Lagrave,M (2789)-Mamedyarov,S (2808) Leuven 2018}) 10... b4 11. Bg5 h6 12. Be3 d5 $146 ({Predecessor:} 12... Na5 13. Nbd2 {½-½ (50) Ibragimov,V (2416)-Moskvichev,V (2391) ICCF email 2014}) 13. e5 Na5 14. Nbd2 c5 15. dxc5 Nec6 16. Re1 Re8 17. h3 g5 {Threatening ...d4.} 18. Bd4 g4 19. hxg4 $1 Bxg4 20. Qc2 Qd7 21. Qd3 {With the idea Bc2.} Bf5 22. Qe3 Rad8 23. Qf4 Nxb3 24. Nxb3 Be4 25. Qg3 Re6 26. Nh4 Bc2 27. Rad1 Bxd1 ({But not} 27... Qe7 $6 28. f4 $16) 28. Rxd1 Nxd4 29. Nxd4 Rxe5 30. c6 Qc8 31. f4 Rh5 32. Nhf3 (32. c7 $11 {remains equal.} Re8 33. Nhf3) 32... Re8 (32... Kh7 $17 {White must now prevent ...Rg8.} 33. Ne5 Bxe5 34. fxe5 Rg8 35. Qd3+ Rg6) 33. Re1 $2 {[%mdl 8192] [#]} (33. Rc1 $11 {and White is okay.}) 33... Re4 $1 $19 34. f5 (34. Rd1 $142) 34... Rg5 35. Qf2 {Threatens to win with Rxe4.} Reg4 (35... Rgg4 $142 36. Rd1 Qc7) 36. Rc1 $2 (36. Re7 {nothing else works.}) 36... Qc7 37. Rc5 (37. Rc2 $142 Kh8 38. Nb3 Rxf5 39. a5) 37... Qd6 $2 (37... Rxg2+ 38. Qxg2 Bxd4+ 39. Nxd4 Qe5) 38. Nb3 {[#] c7 is the strong threat.} Rxg2+ 39. Qxg2 Rxg2+ 40. Kxg2 Qc7 41. Nbd4 Bxd4 (41... Kf8 $19 {is more deadly. Hoping for ...h5.} 42. Rxd5 Ke8) 42. Nxd4 $17 Qf4 ({Better is} 42... Kg7 $17 {And now ...h5 would win.} 43. Kf3 Kf6 44. Rxd5 h5) 43. c7 $11 {The position is equal.} Qg4+ 44. Kh2 Qh4+ 45. Kg2 {Accuracy: White = 34%, Black = 61%.} 1/2-1/2

[Event "39th IND-chT 2019"]
[Site "Kolkata"]
[Date "2019.02.09"]
[Round "5.5"]
[White "Ganguly, Surya Shekhar"]
[Black "Sidhant, Mohapatra"]
[Result "1-0"]
[WhiteElo "2636"]
[BlackElo "2330"]
[Annotator "TA"]
[PlyCount "105"]
[EventDate "2019.??.??"]
[EventCountry "IND"]
[SourceTitle "playchess.com"]
[Source "ChessBase"]
[SourceQuality "1"]

{[%evp 11,105,15,16,0,0,0,0,0,0,0,23,0,0,0,0,5,9,0,0,0,-3,10,15,0,0,0,0,0,0,0,0,-9,-21,-24,0,0,0,0,0,0,0,0,0,0,0,0,0,0,0,0,0,0,24,24,25,25,25,25,25,25,27,27,40,42,52,35,134,137,156,144,161,63,65,64,460,451,427,398,383,383,1098,1031,1193,993,950,923,2317,1693,5073,5053,29975,29976,29976,29977,29976,29970]} 1. e4 c5 2. Nf3 d6 3. d4 cxd4 4. Nxd4 Nf6 5. Nc3 a6 6. g3 e5 7. Nf3 {B91: Sicilian Najdorf: 6 g3} (7. Nde2 {is more complex.} Be7 8. Bg2 b5 9. Nd5 Nbd7 10. Nec3) (7. Nde2 Be7 8. Bg2 O-O 9. O-O b5 10. Nd5 Nbd7 11. Nec3 Nb6 12. Nxf6+ Bxf6 13. b3 Be6 14. Ba3 Qc7 15. Qd3 Rfc8 16. Bb4 a5 17. Nxb5 Qxc2 18. Qxc2 Rxc2 19. Bxd6 {½-½ (73) Vachier Lagrave,M (2778)-Wojtaszek,R (2749) Shenzhen 2018}) 7... Be7 8. Bg2 O-O 9. O-O {The position is equal.} b5 10. a3 Re8 $146 ({Predecessor:} 10... Bb7 11. Re1 Nbd7 12. Bg5 h6 13. Bxf6 Nxf6 14. Re2 Qc7 {0-1 (28) Millan Soto,M-San Jose Torres,C (2040) Ortigueira 2004}) 11. Re1 Nbd7 12. Nd2 {[%cal Bf3d2,Bd2f1,Bf1e3][%mdl 32]} Nb6 13. Nf1 Be6 14. Ne3 Rc8 15. a4 b4 16. Ncd5 a5 17. Bd2 Nfxd5 18. exd5 Bd7 19. c3 bxc3 20. Bxc3 Nc4 21. Qd3 Nxe3 22. Qxe3 Bg5 23. Bxa5 $1 Bxe3 24. Bxd8 Bd4 25. Bg5 Bxb2 26. Ra2 $1 {[%cal Ra2b2]} Bc3 27. Rc1 Ba5 28. Bf1 f6 29. Rxc8 Rxc8 30. Be3 Rb8 31. Bb5 Bxb5 32. Rb2 Kf7 33. axb5 Bb6 $1 34. Bxb6 Rxb6 $11 {[%mdl 4096] Endgame KR-KR} 35. Kf1 Ke7 36. Ke2 Kd7 37. Kd3 Rb8 38. b6 Rc8 (38... Kc8 $1 $14) 39. g4 g6 40. f3 f5 {[#]} 41. gxf5 (41. g5 $1 $18) 41... gxf5 $14 42. h4 Re8 $2 {[%mdl 8192]} ({Black should play} 42... h5 $1 $14) 43. Ra2 $18 {And now Ra7+ would win.} Rb8 44. Ra7+ Kd8 45. Ra6 Kd7 $2 {[#]} (45... h5 46. Kc4 Rc8+ 47. Kb4 e4) 46. Kc4 Rc8+ 47. Kb4 Rc1 48. Ra7+ Kc8 49. Rxh7 Kb8 50. Kb5 f4 51. h5 {White mates.} Rb1+ 52. Kc6 {[%cal Rh7h8]} Rc1+ 53. Kxd6 {Precision: White = 81%, Black = 52%.} 1-0

[Event "39th IND-chT 2019"]
[Site "Kolkata"]
[Date "2019.02.09"]
[Round "5.6"]
[White "Sahoo, Utkal Ranjan"]
[Black "Aravindh, Chithambaram VR."]
[Result "1/2-1/2"]
[WhiteElo "2356"]
[BlackElo "2601"]
[Annotator "TA"]
[PlyCount "59"]
[EventDate "2019.??.??"]
[EventCountry "IND"]
[SourceTitle "playchess.com"]
[Source "ChessBase"]
[SourceQuality "1"]

{[%evp 16,59,25,0,11,14,19,0,25,0,13,18,12,6,16,1,17,10,14,13,28,31,55,11,6,5,6,6,5,4,7,4,17,7,23,13,22,10,5,0,25,0,6,0,20,0]} 1. d4 d5 2. c4 e6 3. Nc3 c6 4. cxd5 exd5 5. Nf3 Bf5 6. Bf4 Bd6 7. Bxd6 Qxd6 8. e3 Nd7 9. Bd3 Bg6 {D31: Queen's Gambit Declined: Semi-Slav without ...Nf6 (+ Marshall Gambit and Noteboom) and Exchange Variation lines without ...Nf6} (9... Ne7 10. O-O O-O 11. a3 a5 12. Rc1 h6 13. Na4 Bg4 14. Nc5 Nxc5 15. Rxc5 f5 16. Re1 Kh8 17. Be2 Bxf3 18. Bxf3 a4 19. g3 {½-½ (30) Pantsulaia,L (2616)-Sadvakasov,D (2618) Dubai 2007}) 10. O-O Ngf6 11. Rb1 a5 $146 ({Predecessor:} 11... Ne4 12. Qc2 Qe7 13. Nd2 Ndf6 14. Rfe1 O-O 15. Ndxe4 Nxe4 16. Nxe4 dxe4 17. Be2 {0-1 (39) Genov,V-Nikhil,M (1645) Durban 2014}) 12. Qc2 O-O 13. Bxg6 hxg6 14. a3 Rfe8 15. Rfc1 Nh7 16. Na4 Nhf6 17. b4 axb4 18. axb4 b6 {[%cal Bb7b6,Bb6b5][%mdl 32]} 19. Nc3 b5 20. Ne2 {[%cal Bc3e2,Be2f4,Bf4d3,Bd3c5][%mdl 32]} Rec8 21. Nf4 Nb6 22. Nd3 Nc4 {...Na3 is the strong threat.} 23. Ra1 Nd7 24. Nc5 Ndb6 25. h3 Qe7 26. Qc3 Na4 27. Qc2 {[%cal Rc5a4]} Nab6 28. Qc3 Na4 29. Qc2 {[%cal Rc5a4]} Nab6 30. Qc3 {Accuracy: White = 33%, Black = 40%.} 1/2-1/2

[Event "39th IND-chT 2019"]
[Site "Kolkata"]
[Date "2019.02.09"]
[Round "5.9"]
[White "Satyapragyan, Swayangsu"]
[Black "Shyaamnikhil P"]
[Result "1/2-1/2"]
[WhiteElo "2381"]
[BlackElo "2428"]
[Annotator "TA"]
[PlyCount "37"]
[EventDate "2019.??.??"]
[EventCountry "IND"]
[SourceTitle "playchess.com"]
[Source "ChessBase"]
[SourceQuality "1"]

{[%evp 9,37,24,29,9,12,8,4,2,0,-11,7,-22,0,-31,21,-25,-25,-78,-63,-62,-47,-104,-98,-127,-120,-140,-110,-128,-116,-170]} 1. e4 c5 2. Nf3 d6 3. d4 cxd4 4. Nxd4 Nf6 5. Nc3 a6 6. h4 {B90: Sicilian Najdorf: Unusual White 6th moves, 6 Be3 Ng4 and 6 Be3 e5} (6. Bg5 e6 7. f4 Nbd7 8. Qe2 h6 9. Bh4 e5 10. fxe5 dxe5 11. Nf5 Nb6 12. Qf3 Bxf5 13. Qxf5 Be7 14. Bd3 Nfd7 15. Bxe7 Qxe7 16. O-O-O O-O 17. Kb1 Nc5 18. Be2 Rad8 19. Qf2 Qc7 20. Qe3 Qc6 21. Rhe1 Rfe8 22. a3 Kf8 {½-½ (22) Anand,V (2773)-Nepomniachtchi,I (2763) Wijk aan Zee 2019}) 6... e5 7. Nb3 Be7 8. Be2 {The position is equal.} Be6 9. g4 h6 10. g5 hxg5 11. Bxg5 Nbd7 (11... Nc6 $15) 12. Rg1 $146 ({Predecessor:} 12. Qd2 b5 13. O-O-O b4 14. Nd5 Nxe4 15. Bxe7 Nxd2 16. Bxd8 Bxd5 {0-1 (39) Guliev,L (2400)-Yilmaz,M (2570) Cesme 2015}) 12... b5 {[%cal Bb7b5,Bb5b4][%mdl 32]} 13. Bf3 (13. a4 $11) 13... Rc8 14. Qd3 Bc4 $36 {[%mdl 2048] Black has the initiative.} 15. Qe3 ({Better is} 15. Qd2 $15) 15... b4 $17 16. Ne2 a5 17. Ng3 g6 18. Qd2 Qc7 19. a3 {Accuracy: White = 24%, Black = 67%.} (19. h5 $17) 1/2-1/2